Геовинчестерная технология и геоходы - инновационный подход к освоению подземного пространства; Известия вузов. Горный журнал; № 4
| Parent link: | Известия вузов. Горный журнал.— , 1998 № 4.— 2008.— С. 19-27 |
|---|---|
| Hovedforfatter: | |
| Andre forfattere: | |
| Summary: | Предлагаются пути создания новых инновационных и наукоемких технологий проведения горных выработок и освоения подземного пространства. Описывается геовинчестерная технология как процесс механизированного проведения выработок с формированием и использованием системы законтурных винтовых и продольных каналов, в котором операции по разработке забоя, уборке горной массы, креплению выработанного пространства, а также перемещению всей проходческой системы на забой осуществляется в совместном режиме. В фонде НТБ ТПУ отсутствует |
| Sprog: | russisk |
| Udgivet: |
2008
|
| Fag: | |
| Format: | MixedMaterials Book Chapter |
| KOHA link: | https://koha.lib.tpu.ru/cgi-bin/koha/opac-detail.pl?biblionumber=601106 |
MARC
| LEADER | 00000naa0a2200000 4500 | ||
|---|---|---|---|
| 001 | 601106 | ||
| 005 | 20250211091556.0 | ||
| 035 | |a (RuTPU)RU\TPU\tpu\25801 | ||
| 035 | |a RU\TPU\tpu\21571 | ||
| 090 | |a 601106 | ||
| 100 | |a 20141007d2008 k||y0rusy50 ca | ||
| 101 | 0 | |a rus | |
| 102 | |a RU | ||
| 200 | 1 | |a Геовинчестерная технология и геоходы - инновационный подход к освоению подземного пространства |f В. В. Аксёнов, А. Б. Ефременков | |
| 320 | |a Библиогр.: 3 назв. | ||
| 330 | |a Предлагаются пути создания новых инновационных и наукоемких технологий проведения горных выработок и освоения подземного пространства. Описывается геовинчестерная технология как процесс механизированного проведения выработок с формированием и использованием системы законтурных винтовых и продольных каналов, в котором операции по разработке забоя, уборке горной массы, креплению выработанного пространства, а также перемещению всей проходческой системы на забой осуществляется в совместном режиме. | ||
| 333 | |a В фонде НТБ ТПУ отсутствует | ||
| 461 | |t Известия вузов. Горный журнал |d 1998 | ||
| 463 | |t № 4 |v С. 19-27 |d 2008 | ||
| 610 | 1 | |a труды учёных ТПУ | |
| 700 | 1 | |a Аксёнов |b В. В. |c горный инженер |c профессор Юргинского технологического института (филиала) Томского политехнического университета, доктор технических наук |f 1955- |g Владимир Валерьевич |3 (RuTPU)RU\TPU\pers\26165 |9 11974 | |
| 701 | 1 | |a Ефременков |b А. Б. |c специалист в области машиностроения, организации высшего профессионального образования |c директор Юргинского технологического института (филиала) Томского политехнического университета |f 1973- |g Андрей Борисович |3 (RuTPU)RU\TPU\pers\24289 |9 10754 | |
| 801 | 1 | |a RU |b 63413507 |c 20120702 | |
| 801 | 2 | |a RU |b 63413507 |c 20141007 |g RCR | |
| 942 | |c CR | ||